Exploring planetary worlds /

Bibliographic Details
Main Author: Morrison, David, 1940-
Format: Book
Language:English
Published: New York : Scientific American Library, [1993]
Subjects:

MARC

Tag First Indicator Second Indicator Subfields
LEADER 00000cam a22000008a 4500
001 in00001130713
005 20150930071412.0
008 921211s1993 nyu b 001 0 eng
010 |a  92046641  
020 |a 0716750430 
035 |a (OCoLC)27186556 
035 |9 AFW1096AM 
040 |a DLC  |c DLC  |d MRQ  |d TXA  |d UtOrBLW 
049 |a TXAM 
050 0 0 |a QB601  |b .M457 1993 
082 0 0 |a 523.2  |2 20 
100 1 |a Morrison, David,  |d 1940- 
245 1 0 |a Exploring planetary worlds /  |c by David Morrison. 
263 |a 9302 
264 1 |a New York :  |b Scientific American Library,  |c [1993] 
264 4 |c ©1993 
300 |a 238 pages :  |b color illustrations ;  |c 24 cm. 
336 |a text  |b txt  |2 rdacontent 
337 |a unmediated  |b n  |2 rdamedia 
338 |a volume  |b nc  |2 rdacarrier 
504 |a Includes bibliographical references and index. 
650 0 |a Planets. 
999 |a MARS 
999 f f |s 1593f109-4490-3a79-8362-7763ad463596  |i 6558998a-0216-36ba-96ac-d37e34caf74a  |t 0 
952 f f |p normal  |a Texas A&M University  |b College Station  |c Sterling C. Evans Library  |d Evans: Library Stacks  |t 0  |e QB601 .M457 1993  |h Library of Congress classification  |i unmediated -- volume  |m A14817077895 
998 f f |a QB601 .M457 1993  |t 0  |l Evans: Library Stacks